000 00457nam a2200181Ia 4500
001 22723
005 20260414150850.0
008 260414t2005||||xx |||||||||||||| ||spa||
041 _aESP
082 _a621.385
_bW21
100 _aWallace, Kevin
_eAUT
245 0 _aIP telephony self-study :
_bCisco IP telphony flash cards
260 _c2005
300 _axii, 501 páginas :
_c23 cm.
650 _aTCA
654 _aCET
942 _cLIB
_dJUS
_fJUS
_2ddc
_n
999 _c22723
_d22723